Statistiques concernant Doctor Who - Personnages historiques

Cliquez ici pour prendre le quiz!

Statistiques générales

  • Ce quiz a été pris 94 fois
  • Le résultat moyen est 5 sur 10

Statistiques - réponses

QuestionsRéponses% Correct
Les Daleks sont ses armes secrètes pour gagner la Seconde Guerre MondialeWinston Churchill
85%
Ennemi de Thomas Edison, père du courant alternatifNikola Tesla
76%
Contemporain de Gauguin qui est le seul à voir le KrafayisVincent Van Gogh
73%
Ne doit pas rater son busRosa Parks
72%
Jeanne-Antoinnette Poisson dite "reinette"Madame de Pompadour
67%
Grande épouse royale d'AkhénatonNéfertiti
59%
Barde anglais qui fait face aux 3 sorcières CarrionnitesWilliam Shakespeare
59%
Epouse du détenteur du CyberiumMary Shelley
24%
Père d'Ada Lovelace, qui essaye de séduire le 13ème docteurLord Byron
22%
Première femme opérateur radio qui cache le docteur sous son plancherNoor Inayat Khan
11%

Distribution des résultats

Percentile par nombre de réponses

% des personnes avec chaque résultat

Votre développement - résultats

Vous n’avez pas pris ce quiz